| 000 | 01070nam a22002535a 4500 | ||
|---|---|---|---|
| 003 | OSt | ||
| 005 | 20170118114331.0 | ||
| 008 | 170116s2014 ua frb 000 0 ara d | ||
| 015 | _22014 / 17366 | ||
| 020 | _a9789770476154 | ||
| 040 |
_aEG-ScBUE _bara _cEG-ScBUE _dEG-ScBUE |
||
| 043 | _an-us--- | ||
| 082 | 0 | 4 |
_a347.7308 _bع و ض _222 |
| 100 | 1 | _aعوض، رمزي رياض. | |
| 245 | 1 | 2 |
_aالطعن في الأحكام في القانون الأمريكي : _bاستئناف أحكام محاكم الجنايات الطعن بالتماس إعادة النظر / _cرمزي رياض عوض. |
| 260 |
_aالقاهرة : _bدار النهضة العربية، _c2014. |
||
| 300 |
_a164 ص. ؛ _c24 سم. |
||
| 504 | _aيشتمل على إرجاعات ببليوجرافية. | ||
| 650 | 7 |
_aالطعن في الأحكام _zالولايات المتحدة الأمريكية. _2BUEsh |
|
| 650 | 7 |
_aالمحاكم الجنائية _zالولايات المتحدة الأمريكية. _2BUEsh |
|
| 651 | _2BUEsh | ||
| 653 |
_bLLAAWW _cJanuary2017 |
||
| 942 | _2ddc | ||
| 999 |
_c23967 _d23939 |
||